000 00312nam a2200121Ia 4500
003 OSt
008 201103b ||||| |||| 00| 0 eng d
100 _aBARRINGER, Bruce R.
245 _aEntrepreneurship Successfully Launching New Ventures
260 _aN. Delhi
_bPearson
_c2013
300 _a608
942 _2ddc
_cBK
999 _c5796
_d5796